MASS COMMUNICATION IN INDIA (Record no. 22587)

MARC details
000 -LEADER
fixed length control field 00349nam a22001577a 4500
003 - CONTROL NUMBER IDENTIFIER
control field SGT
020 ## - INTERNATIONAL STANDARD BOOK NUMBER
International Standard Book Number 81-7224-373-1
082 ## - DEWEY DECIMAL CLASSIFICATION NUMBER
Classification number 302.23
Item number KUM
100 ## - MAIN ENTRY--PERSONAL NAME
Personal name KUMAR, KEVAL J.
245 ## - TITLE STATEMENT
Title MASS COMMUNICATION IN INDIA
250 ## - EDITION STATEMENT
Edition statement 5TH
260 ## - PUBLICATION, DISTRIBUTION, ETC. (IMPRINT)
Place of publication, distribution, etc INDIA
Name of publisher, distributor, etc JAICO BOOKS PUB.
Year of Publication 2021
300 ## - PAGE DESCRIPTION
No. of Pages 630
942 ## - ADDED ENTRY ELEMENTS (KOHA)
Source of classification or shelving scheme Dewey Decimal Classification
Koha item type Books
Holdings
Withdrawn status Lost status Source of classification or shelving scheme Damaged status Not for loan Collection code Home library Current library Shelving location Date acquired Vendor Name Cost, normal purchase price SGTU Bill Number Total Checkouts Full call number Accession No. (Barcode) Checked out Date last seen Date last borrowed Bill Date Koha item type
    Dewey Decimal Classification     MASS COMMUNICATION SGT Science & Social Sciences Library SGT Science & Social Sciences Library Text Book 16/04/2022 KALYANI PUB. 350.00 SGTU GV455 5 302.23 KUM MC1130 29/06/2026 30/05/2026 30/05/2026   Books
    Dewey Decimal Classification     MASS COMMUNICATION SGT Science & Social Sciences Library SGT Science & Social Sciences Library Text Book 16/04/2022 KALYANI PUB. 350.00 SGTU GV455 3 302.23 KUM MC1131   08/11/2025 09/10/2025   Books